|
|
|
|
| LEADER |
01324nam a2200301 a 4500 |
| 001 |
4487936 |
| 008 |
100617s1997 nyuab b 001 0 eng d |
| 010 |
|
|
|a \\\97007083
|
| 020 |
|
|
|a 0393970876 (college)
|
| 020 |
|
|
|a 0393041077 (trade)
|
| 040 |
|
|
|a DLC
|c DLC
|d DLC
|d BD-DhAAL
|
| 082 |
0 |
0 |
|a 822.3/3
|2 21
|
| 100 |
1 |
|
|a Shakespeare, William,
|d 1564-1616.
|
| 245 |
1 |
4 |
|a The Norton Shakespeare /
|c Stephen Greenblatt, general editor ; Walter Cohen, Jean E. Howard, Katharine Eisaman Maus, [editors] ; with an essay on the Shakespearean stage by Andrew Gurr.
|
| 250 |
|
|
|a 1st ed.
|
| 260 |
|
|
|a New York :
|b W.W. Norton,
|c c1997.
|
| 300 |
|
|
|a xvi, 3420 p. :
|b ill., maps ;
|c 25 cm.
|
| 500 |
|
|
|a "Based on the Oxford edition."
|
| 504 |
|
|
|a Includes bibliographical references (p. 3393-3410) and index.
|
| 541 |
1 |
|
|e 00020366
|
| 700 |
1 |
|
|a Greenblatt, Stephen,
|d 1943-
|
| 700 |
1 |
|
|a Cohen, Walter,
|d 1949-
|
| 700 |
1 |
|
|a Howard, Jean E.
|q (Jean Elizabeth),
|d 1948-
|
| 700 |
1 |
|
|a Maus, Katharine Eisaman,
|d 1955-
|
| 700 |
1 |
|
|a Gurr, Andrew.
|
| 852 |
4 |
|
|a Ayesha Abed Library
|j General Shelf
|
| 999 |
|
|
|c 8986
|d 8986
|
| 952 |
|
|
|0 0
|1 0
|2 ddc
|4 0
|6 822_330000000000000_SHA_1997
|7 0
|9 11061
|a BRACUL
|b BRACUL
|c GEN
|d 2010-06-17
|l 1
|o 822.33 SHA
|p 3010020366
|r 2014-05-14
|s 2013-02-25
|t 1
|w 2010-06-17
|y BK
|x Transferred from ENH to Ayesha Abed library on 20/12/2023
|